000 00270nam a22001217a 4500
008 181001b xxu||||| |||| 00| 0 eng d
041 _aeng
080 _29th
_a940
100 _a16
101 _aHIS
245 _aAmerican History a survey
_cBrinkley,A
942 _2udc
_cBK
999 _c48753
_d48753